分省车牌-内蒙古自治区 Inner Mongolia license plate corresponding cities - Statistics

General Stats
  • This quiz has been taken 42 times
  • The average score is 9 of 12
Answer Stats
车牌 地市 % Correct
蒙A 呼和浩特市
100%
蒙B 包头市
100%
蒙C 乌海市
92%
蒙D 赤峰市
92%
蒙E 呼伦贝尔市
88%
蒙F 兴安盟
71%
蒙G 通辽市
67%
蒙J 乌兰察布市
58%
蒙K 鄂尔多斯市
58%
蒙H 锡林郭勒盟
54%
蒙L 巴彦淖尔市
42%
蒙M 阿拉善盟
42%
No matching quizzes found
Score Distribution
Percent of People with Each Score
Percentile by Number Answered
Your Score History
You have not taken this quiz